| 000 | 01002cam a2200241 4500 | ||
|---|---|---|---|
| 001 | J119882 | ||
| 008 | 020927n2002 000 0 eng u | ||
| 035 | _a(Sirsi) u119882 | ||
| 041 | _aeng. | ||
| 050 | _a690.2 | ||
| 110 |
_aInstitute of Clerks of Works _92671 |
||
| 245 | _aSite inspection for the construction team | ||
| 260 |
_aPeterboroughbICW _c2002 |
||
| 300 |
_a218p. _c31cm. |
||
| 350 | _a40 | ||
| 520 | _aThis document is designed for use as a management tool in respect of site inspection for any professional practice, large or small, to meet their client/employers/management process/or quality managersprocess, and to ensure a suitable management process is being carried out on their behalf. It complements, but does not replace, the Clerk of Works manual. | ||
| 650 | _aSITE INSPECTIONS | ||
| 650 | _aWORK IN PROGRESS | ||
| 690 | _aBUILDING AND CONSTRUCTION-MANAGEMENT | ||
| 710 |
_aSchal International Management _94374 |
||
| 856 | _uhttps://www.icwgb.org | ||
| 942 | _n0 | ||
| 999 |
_c102427 _d102427 |
||